| 000 | 00473nam a2200181Ia 4500 | ||
|---|---|---|---|
| 003 | IN-BaIIA | ||
| 008 | 211028s9999 xx 000 0 eng d | ||
| 040 | _cIIA Library | ||
| 080 |
_a643 _bDES |
||
| 100 |
_aDeshpande, R. S _98740 |
||
| 245 | 0 |
_aModern ideal homes for India _cR. S. Deshpande |
|
| 250 | _a6th rev. ed. | ||
| 260 |
_aPoona _bUnited Book Company _c1965 |
||
| 300 | _aviii, 300p. | ||
| 650 |
_aCivil engineering _95496 |
||
| 650 |
_aHomes _98741 |
||
| 942 | _cBK | ||
| 999 |
_c4884 _d4884 |
||